000
00325nam a22001457a 4500
003
SGT
020
_a
81-7310-051-9
082
_a
647.01
_b
MUK
100
_a
MUKUNDAN, MONISHA
245
_a
GOA: A GOLDEN LAND
260
_a
NEW DELHI
_b
INDIA BOOK DISTRIBUTION
300
_a
69
650
_a
HOTEL MANAGEMENT
942
_2
ddc
_c
BK
999
_c
12874
_d
12874